Quiz Anime Personnages aux Cheveux Noirs - Statistiques

Statistiques générales
  • Ce quiz a été pris 215 fois
  • Le résultat moyen est 12 sur 16
Statistiques - réponses
Par images Réponse % Correct
L
100%
Luffy
97%
Sasuke
97%
Itachi
93%
Mikasa
89%
Nezuko
84%
Robin
84%
Levi
69%
Dabi
68%
Momo
68%
Lelouch
67%
Yor
62%
Mob
60%
Rukia
55%
Shinra
47%
Benimaru
36%
Aucun quiz correspondant
Distribution des résultats
% des personnes avec chaque résultat
Percentile par nombre de réponses
Votre historique - résultats
Vous n’avez pas pris ce quiz